Online
Catalog

Rasgos fundamentales de una metafísica del conocimiento / (Record no. 34724)

MARC details
000 -CABECERA
campo de control de longitud fija 01018nam a2200253 a 4500
001 - NÚMERO DE CONTROL
campo de control 000035233
005 - FECHA Y HORA DE LA ÚLTIMA TRANSACCIÓN
campo de control 20200930074208.0
008 - DATOS DE LONGITUD FIJA--INFORMACIÓN GENERAL
campo de control de longitud fija 111026s1957 ag 000 0 spa d
040 ## - FUENTE DE LA CATALOGACIÓN
Centro catalogador/agencia de origen DO-SdBNP
Lengua de catalogación spa
Centro/agencia transcriptor BNPHU
082 ## - NÚMERO DE LA CLASIFICACIÓN DECIMAL DEWEY
Número de clasificación xxxx
Número de documento/Ítem N236r
049 ## - FONDOS LOCALES (OCLC)
Fondos de biblioteca BNGR
100 1# - ENTRADA PRINCIPAL--NOMBRE DE PERSONA
Nombre de persona Nartmann, Nicolai
9 (RLIN) 60986
240 10 - TÍTULO UNIFORME
Título uniforme Grundzüge einer metaphysik der erknntnis
Lenguaje de la obra Español
245 10 - MENCIÓN DE TÍTULO
Título Rasgos fundamentales de una metafísica del conocimiento /
Mención de responsabilidad, etc. Nicolai Nartmann ; traducción de J. Rovira Armengol ; prólogo a las ediciones tercera y cuarta Nicolai Hartmann.
260 ## - PUBLICACIÓN, DISTRIBUCIÓN, ETC.
Lugar de publicación, distribución, etc. Buenos Aires :
Nombre del editor, distribuidor, etc. Losada,
Fecha de publicación, distribución, etc. 1957.
300 ## - DESCRIPCIÓN FÍSICA
Extensión 2 v.
490 1# - MENCIÓN DE SERIE
Mención de serie Biblioteca filosófica
500 ## - NOTA GENERAL
Nota general Traducido del alemán
500 ## - NOTA GENERAL
Nota general Colección publicada bajo la dirección de Biblioteca filosófica Francisco Romero
590 ## - NOTA LOCAL (RLIN)
Nota local Perteneció a la biblioteca personal de Juan Isidro Jimenes Grullón.
700 1# - PUNTO DE ACCESO ADICIONAL--NOMBRE DE PERSONA
Nombre de persona Rovira Armengol, J.,
Término indicativo de función/relación tr.
9 (RLIN) 60987
700 1# - PUNTO DE ACCESO ADICIONAL--NOMBRE DE PERSONA
Nombre de persona Hartmann, Nicolai
Término indicativo de función/relación pról
9 (RLIN) 60988
830 #0 - PUNTO DE ACCESO ADICIONAL DE SERIE-TÍTULO UNIFORME
Título uniforme Biblioteca filosófica
9 (RLIN) 60733
Holdings
Estado de retiro Estado de pérdida Restricciones de uso No para préstamo Código de colección Localización permanente Ubicación/localización actual Ubicación en estantería Fecha de adquisición Número de inventario Total de préstamos Signatura topográfica completa Código de barras Fecha visto por última vez Precio válido a partir de Tipo de ítem Koha Nota pública
      Excluido de préstamo Monografías: Libros y Folletos General General En catalogación 26.10.2011 LF1   xxxx N236r 35233-10 25.06.2020 25.06.2020 No se presta Perteneció a la biblioteca personal de Juan Isidro Jimenes -Grullón
      Excluido de préstamo Monografías: Libros y Folletos General General En catalogación 26.10.2011 LF1   xxxx N236r 35233-20 25.06.2020 25.06.2020 No se presta Perteneció a la biblioteca personal de Juan Isidro Jimenes -Grullón

Powered by Koha